LEADER 00726cam2 22002413 450 001 SOBE00073088 005 20220726140522.0 100 $a20220726d1993 |||||ita|0103 ba 101 $aita 102 $aIT 200 0 $a1 210 $aBologna$cMonduzzi$d[1993] 215 $aXXXVII, 977 p.$d24 cm. 461 1$1001SOB0000001290$12001 $aDiritto amministrativo / a cura di L. Mazzarolli ... [et al.] 801 0$aIT$bUNISOB$c20220726$gRICA 850 $aUNISOB 852 $aUNISOB$j340$m98463 912 $aSOBE00073088 940 $aM 102 Monografia moderna SBN 941 $aW 957 $a340$b002078$i-1$gSI$d98463$1rovito$2UNISOB$3UNISOB$420220726140507.0$520220726140522.0$6rovito 996 $a1$961339 997 $aUNISOB LEADER 02274nam 2200481 450 001 9910270863903321 005 20230814235016.0 010 $a1-119-23579-0 010 $a1-119-23578-2 010 $a1-119-23576-6 035 $a(CKB)4330000000009474 035 $a(MiAaPQ)EBC4987374 035 $a(Au-PeEL)EBL4987374 035 $a(CaPaEBR)ebr11429457 035 $a(CaONFJC)MIL1031586 035 $a(OCoLC)1002699415 035 $a(EXLCZ)994330000000009474 100 $a20170923h20182018 uy 0 101 0 $aeng 135 $aurcnu|||||||| 181 $2rdacontent 182 $2rdamedia 183 $2rdacarrier 200 10$aFogoros' electrophysiologic testing /$fRichard N. Fogoros, John M. Mandrola 205 $aSixth edition. 210 1$aHoboken, New Jersey :$cWiley Blackwell,$d2018. 210 4$dİ2018 215 $a1 online resource (418 pages) $cillustrations 300 $aIncludes index. 311 $a1-119-23580-4 327 $aThe cardiac electrical system -- Abnormal heart rhythms -- Treatment of arrhythmias -- The electrophysiology study in the evaluation and therapy of cardiac arrhythmias -- Principles of the electrophysiology study -- The electrophysiology study in the evaluation of bradycardia : the SA node AV node and his purkinje system -- The electrophysiology study in the evaluation of supraventricular tachyarrhythmias -- The electrophysiology study in the evaluation and treatment of ventricular arrhythmias -- Transcatheter ablation : therapeutic electrophysiology -- Ablation of supraventricular tachycardias -- Ablation of PVCS and ventricular tachycardia -- Ablation of atrial fibrillation -- Ablation of atrial flutter -- Cardiac resynchronization : pacing therapy for heart failure -- The evaluation of syncope -- Electrophysiologic testing in perspective : the evaluation and treatment of cardiac arrhythmias. 606 $aHeart$xElectric properties 615 0$aHeart$xElectric properties. 676 $a616.1/2807547 700 $aFogoros$b Richard N.$0854280 702 $aMandrola$b John M. 801 0$bMiAaPQ 801 1$bMiAaPQ 801 2$bMiAaPQ 906 $aBOOK 912 $a9910270863903321 996 $aFogoros' Electrophysiologic Testing$93086060 997 $aUNINA